| 000 | 00537cam a2200205ua 4500 | ||
|---|---|---|---|
| 001 | 10769 | ||
| 005 | 20260515114647.0 | ||
| 008 | 190402n ii |||gr||||Z||||||eng | ||
| 020 | _a9788183162852 | ||
| 040 | _cMAIN | ||
| 082 | _a150 | ||
| 245 |
_aEssentials of general psychology _cBy S P Chaube and Akhilesh Chaube |
||
| 250 | _a1st ed. | ||
| 260 |
_aNew Delhi: _bNeelkamal publications, _c2011. |
||
| 300 | _a443p. | ||
| 653 | _aPsychology | ||
| 700 |
_aS P Chaube, _eAuthor., |
||
| 700 |
_aAkhilesh Chaube, _eAuthor. |
||
| 942 | _cBK | ||
| 999 |
_c9723 _d9723 |
||